MARC

LEADER 00000nam0a2200000 4500
001 18171
005 20231030191206.0
010 |a 502012172X 
035 |a (RuTPU)RU\TPU\book\18320 
035 |a BOOK00018390 
090 |a 18171 
100 |a 20011209d1993 m y0rusy50 ca 
101 0 |a rus 
102 |a RU 
105 |a y z 000zy 
200 1 |a Переход к рынку  |e борьба мнений 
210 |a Москва  |c Наука  |d 1993 
215 |a 193 с. 
225 1 |a Библиотека журнала "Общество и экономика" 
610 1 |a экономика 
610 1 |a рынок 
610 1 |a рыночная экономика 
610 1 |a переходная экономика 
610 1 |a Россия 
686 |a У9(2)0  |v LBC/SL-A  |2 rubbk 
801 0 |a RU  |b 63413507  |c 20011209  |g PSBO 
801 2 |a RU  |b 63413507  |c 20120208  |g PSBO 
942 |c BK